000
00339nam a2200145Ia 4500
008
150201s2010 xx 000 0 und d
082
_a
617.645
_b
P2010P
100
_a
PINKHAM,JIMMY
245
_a
PEDIATRIC DENTISTRY
250
_a
4TH
260
_b
ELSEVIER
_a
DELHI
_c
2010
300
_a
1-750
650
_a
PEDODONTICS
942
_2
ddc
_c
BK
_0
3
999
_c
4702
_d
4702